Constitución de los atenienses

Guardat en:
Dades bibliogràfiques
Autor principal: Aristóteles, 384 a.C.- 322 a.C (Autor)
Format: Llibre
Idioma:espanyol
grec
Publicat: Madrid Abada 2005
Edició:1a. ed
Matèries:
Etiquetes: Afegir etiqueta
Sense etiquetes, Sigues el primer a etiquetar aquest registre!

MARC

LEADER 00000nam a2200000 a 4500
001 UCK5086
003 CL-VaPUC
008 050708e20050000SP |||||||||||||||||spa|d
020 |a 8496258270 
041 0 7 |a spa  |2 CL-VaPUC 
041 0 7 |a gre  |2 CL-VaPUC 
082 0 4 |a 185  |b ARI  |2 21 
100 |a Aristóteles,  |d 384 a.C.- 322 a.C.  |e author  |9 194 
245 1 0 |a Constitución de los atenienses 
250 |a 1a. ed 
300 |a 244 p 
942 |c BK 
945 |d 20050708 00:00:00  |a cmena 
260 |a Madrid  |b Abada  |c 2005 
600 0 |a Aristóteles,  |d 384 a.C.- 322 a.C.  |9 194 
650 7 |a CONSTITUCION DE ATENAS  |2 CL-VaPUC  |9 387640 
650 0 |a Historia política  |9 256974 
650 7 |a FILOSOFIA POLITICA  |2 CL-VaPUC  |9 493787 
650 7 |a ETICA FILOSOFICA  |2 CL-VaPUC  |9 493788 
583 |a last modification  |c 20121007 10:33:58  |k Rodrigo Vera 
999 |c 313768  |d 313766 
952 |0 0  |1 0  |4 0  |6 185_000000000000000_ARI_2005  |7 0  |8 A  |9 385269  |a BIBHIS  |b BIBHIS  |d 2019-11-22  |i 4764153  |o 185 ARI 2005  |p 4764153  |r 2025-01-20  |w 2019-11-22  |y BK  |k HIS